Southville International School and Colleges
Your cart is empty.
  • Cart
  • Lists
    Public lists Eva Luna New books Lux_list list_1
    Your lists Log in to create your own lists
  • Log in to your account
  • Your cookies
  • Search history
Southville International School and Colleges
  • Advanced search
  • Recent comments
  • Most popular
  • Libraries

Log in to your account

Log in with GOOGLE


If you do not have an external account, but do have a local account, you can still log in:

  1. Home
  2. MARC view: Matteson & McConnell's gerontological nursing :
Normal view MARC view ISBD view

Matteson & McConnell's gerontological nursing : (Record no. 288655)

[ view plain ]
MARC details
000 -LEADER
fixed length control field 03956cam a22004217a 4500
001 - CONTROL NUMBER
control field 14729934
003 - CONTROL NUMBER IDENTIFIER
control field PILC
005 - DATE AND TIME OF LATEST TRANSACTION
control field 20150909093225.0
008 - FIXED-LENGTH DATA ELEMENTS--GENERAL INFORMATION
fixed length control field 070209s2007 paua b 001 0 eng d
010 ## - LIBRARY OF CONGRESS CONTROL NUMBER
LC control number 2007295356
020 ## - INTERNATIONAL STANDARD BOOK NUMBER
International Standard Book Number 9781416001669
020 ## - INTERNATIONAL STANDARD BOOK NUMBER
International Standard Book Number 1416001662
035 ## - SYSTEM CONTROL NUMBER
System control number (OCoLC)ocm75218038
035 ## - SYSTEM CONTROL NUMBER
System control number (OCoLC)75218038
040 ## - CATALOGING SOURCE
Original cataloging agency SGB
Transcribing agency SGB
Modifying agency BAKER
-- COU
-- IUL
-- YDXCP
-- DLC
042 ## - AUTHENTICATION CODE
Authentication code lccopycat
050 00 - LIBRARY OF CONGRESS CALL NUMBER
Classification number RC 954
Item number .M37 2007
082 00 - DEWEY DECIMAL CLASSIFICATION NUMBER
Classification number 618.97/0231
100 1# - MAIN ENTRY--PERSONAL NAME
Personal name Linton, Adrianne Dill.
245 10 - TITLE STATEMENT
Title Matteson & McConnell's gerontological nursing :
Remainder of title concepts and practice /
Statement of responsibility, etc Adrianne Dill Linton, Helen W. Lach.
246 30 - VARYING FORM OF TITLE
Title proper/short title Gerontological nursing :
Remainder of title concepts and practice
250 ## - EDITION STATEMENT
Edition statement 3rd edition.
260 ## - PUBLICATION, DISTRIBUTION, ETC. (IMPRINT)
Place of publication, distribution, etc Philadelphia :
Name of publisher, distributor, etc Saunders, an imprint of Elsevier,
Date of publication, distribution, etc 2007.
300 ## - PHYSICAL DESCRIPTION
Extent xxxiii, 1006 pages :
Other physical details illustrations ;
Dimensions 28 cm.
500 ## - GENERAL NOTE
General note Includes bibliographical references and index.
505 0# - FORMATTED CONTENTS NOTE
Formatted contents note Introduction to practice in gerontological nursing. Gerontological nursing: issues and trends in practice / Helen W. Lach. Assessment: focus on function / Helen W. Lach & Carrie M. Smith. Tools for screening and assessment / Helen W. Lach & Carrie M. Smith. Application of nursing theory / Helen W. Lach. Evidence-based practice / Marita G. Titler & Jane Hsiao-Chen Tang. Gerontology: the study of aging / Helen W. Lach. Pharmacological considerations / Adranne Dill Linton. Nutritional considerations / Anna J. Biggs. Ethical considerations / Kathleen T. Lucke -- Aging changes and health deviations. Integument system / Adrianne Dill Linton. Musculoskeletal system / Adrianne Dill Linton. Cardiovascular system / Mary Ann House-Fancher & Ronald J. Lynch. Respiratory system / Adrianne Dill Linton. Neurological system / Pamela Millsap. Gastrointestinal system / Adrianne Dill Linton. Genitourinary system / Adrianne Dill Linton. Endocrine system / Adrianne Dill Linton, Lisa J. Hooter, & Coleen R. Elmers. Immune system / Adrianne Dill Linton. Age-related changes in the special senses / Adrianne Dill Linton. -- Psychosocial aging. Age-related psychological changes / David W. Carroll & Adrianne Dill Linton. Age-related sociological changes / Cheryl Lyn Zukerberg & Adrianne Dill Linton. End of life care of the older adult / Pamela Z. Cacchione & Patrick J. Cacchione -- Competencies and roles in gerontological nursing. Leadership skills / Nina Tumosa & Helen W. Lach. Therapeutic groups for older adults / James H. Cook, Jr. & Candace M. Ball. Team work: interdisciplinary geriatric care / Helen W. Lach. Case management / Todd M. Ruppar. Health promotion and health education for older adults / Helen W. Lach. Quality improvement / Carolyn D. Philpot ... [et al.] -- Gerontological nursing in the context of care. The geriatric continuum of care / Susan A. Ruzicka. Community care / Mary Z. Dunn. Assisted living care / Cheryl Lyn Zukerberg. Acute care / Maria B. Carroll. Subacute care / Elizabeth A. Capezuti -- Long-term care / Adrianne Dill Linton & Helen W. Lach.
520 ## - SUMMARY, ETC.
Summary, etc Matteson & McConnell's Gerontological Nursing, 3rd Edition provides comprehensive, research-based information on nursing care of older adults. Beginning with the basics, the text uses a systems approach to describe the aging process from wellness to illness. It also describes physiological and psychological aspects of aging in detail, as well as assessment and practice in all settings using the nursing process.
650 #0 - SUBJECT ADDED ENTRY--TOPICAL TERM
Topical term or geographic name as entry element Geriatric nursing.
650 12 - SUBJECT ADDED ENTRY--TOPICAL TERM
Topical term or geographic name as entry element Geriatric Nursing.
650 22 - SUBJECT ADDED ENTRY--TOPICAL TERM
Topical term or geographic name as entry element Aging
General subdivision physiology.
700 1# - ADDED ENTRY--PERSONAL NAME
Personal name Lach, Helen W.
700 1# - ADDED ENTRY--PERSONAL NAME
Personal name Matteson, Mary Ann.
700 1# - ADDED ENTRY--PERSONAL NAME
Personal name McConnell, Eleanor S.
856 41 - ELECTRONIC LOCATION AND ACCESS
Materials specified Table of contents only
Uniform Resource Identifier <a href="http://www.loc.gov/catdir/toc/fy0706/2007295356.html">http://www.loc.gov/catdir/toc/fy0706/2007295356.html</a>
906 ## - LOCAL DATA ELEMENT F, LDF (RLIN)
a 7
b cbc
c copycat
d 2
e ncip
f 20
g y-gencatlg
942 ## - ADDED ENTRY ELEMENTS (KOHA)
Source of classification or shelving scheme Library of Congress Classification
Koha item type Books
Holdings
Withdrawn status Lost status Source of classification or shelving scheme Damaged status Home library Current library Shelving location Date acquired Source of acquisition Sub Shelving location Total Checkouts Full call number Barcode Date last seen Price effective from Koha item type
    Library of Congress Classification   College Library College Library General Circulation Section 09/09/2015 Donation     RC 954 .M37 2007 C19988 05/15/2018 09/09/2015 Books

Matteson & McConnell's gerontological nursing :

APA

Linton A. D., Lach H. W., Matteson M. A. & McConnell E. S. (2007). Matteson & McConnell's gerontological nursing. Philadelphia: Saunders, an imprint of Elsevier.

Chicago

Linton Adrianne Dill, Lach Helen W, Matteson Mary Ann and McConnell Eleanor S. 2007. Matteson & McConnell's gerontological nursing. Philadelphia: Saunders, an imprint of Elsevier.

Harvard

Linton A. D., Lach H. W., Matteson M. A. and McConnell E. S. (2007). Matteson & McConnell's gerontological nursing. Philadelphia: Saunders, an imprint of Elsevier.

MLA

Linton Adrianne Dill, Lach Helen W, Matteson Mary Ann and McConnell Eleanor S. Matteson & McConnell's gerontological nursing. Philadelphia: Saunders, an imprint of Elsevier. 2007.

  • Place hold
  • Print
  • Cite
  • Add to your cart (remove)
  • Save record
    BIBTEX Dublin Core MARCXML MARC (non-Unicode/MARC-8) MARC (Unicode/UTF-8) MARC (Unicode/UTF-8, Standard) MODS (XML) RIS
  • More searches
    Search for this title in:
    Other Libraries (WorldCat) Other Databases (Google Scholar) Online Stores (Bookfinder.com) Open Library (openlibrary.org)

Exporting to Dublin Core...

SOUTHVILLE LIBRARY

Southville International School and Colleges Library

1281 Tropical Ave. Cor. Luxembourg St., BF Homes International, Las Pinas City

Tel. No. 8256374 / 252358 Loc. 117/146

Powered by Koha